Normal view
MARC view
Entry Topical Term
001 - CONTROL NUMBER
- control field: 48986
003 - CONTROL NUMBER IDENTIFIER
- control field: OSt
005 - DATE AND TIME OF LATEST TRANSACTION
- control field: 20241120110112.0
008 - FIXED-LENGTH DATA ELEMENTS
- fixed length control field: 241120|| aca||aabn | a|a d
040 ## - CATALOGING SOURCE
- Original cataloging agency: OSt
- Transcribing agency: OSt
150 ## - HEADING--TOPICAL TERM
- Topical term or geographic name entry element: Labor market participations, Household, Sexual minorities, Division, of labor, Gender.
670 ## - SOURCE DATA FOUND
- Source citation: Work cat.: (OSt): Jaspers, Eva Mazrekaj, Deni and Machado, Weverthon 48985, Doing genders: Partner’s gender and labor market behavior
